000
00228 a2200109 4500
001
63442
082
_a
823 CLA
090
_c
37500
_d
37500
100
_a
Claney, T
245
_a
Patriot Games
_h
English
260
_b
Fontana Collins
942
_a
CAE NUST
_k
823 CLA
999
_c
298515
_d
298515